| 000 | 01735pam a2200469 a 4500 | ||
|---|---|---|---|
| 999 |
_c1661 _d1661 |
||
| 001 | 013818948 | ||
| 003 | Uk | ||
| 005 | 20230118085200.0 | ||
| 008 | 060504s2007 caua b 000 1 eng | ||
| 010 | _a 2006014858 | ||
| 015 |
_aGBA764928 _2bnb |
||
| 016 | 7 |
_a013818948 _2Uk |
|
| 020 | _a9780811856041 (pbk.) : | ||
| 035 | _a(OCoLC)ocm70060922 | ||
| 035 | _a(OCoLC)70060922 | ||
| 040 |
_aStDuBDS _beng _cStDuBDS _dUk _dKH8 |
||
| 042 | _aukblcatcopy | ||
| 082 | 0 | 0 |
_a813.54 ROV _222 |
| 100 | 1 |
_aRovetch, Lissa. _eauthor |
|
| 245 | 1 | 0 |
_aHot Dog and Bob and the exceptionally eggy attack of the Game Gators / _cby L. Bob Rovetch ; illustrated by Dave Whamond. |
| 260 |
_aSan Francisco, Calif. : _bChronicle Books, _cc2007. |
||
| 300 |
_a94 p. : _bill. ; _c21 cm. |
||
| 336 |
_atext _2rdacontent |
||
| 337 |
_aunmediated _2rdamedia |
||
| 338 |
_avolume _2rdacarrier |
||
| 500 | _a"Adventure #4." | ||
| 500 |
_aFormerly CIP. _5Uk |
||
| 520 | _aWhen all of the fifth-graders from Lugenheimer Elementary School are transported to the domain of the rapping Gutter Gator to compete in life-or-death games, it is up to Bob, his best friend Clementine, and superhero Hot Dog from the planet Dogzalot to rescue them. | ||
| 650 | 0 |
_aAlligators _vJuvenile fiction. |
|
| 650 | 0 |
_aGames _vJuvenile fiction. |
|
| 650 | 0 |
_aFrankfurters _vJuvenile fiction. |
|
| 650 | 0 |
_aHuman-alien encounters _vJuvenile fiction. |
|
| 650 | 0 |
_aSchools _vJuvenile fiction. |
|
| 650 | 1 |
_aAlligators _vFiction. |
|
| 650 | 1 |
_aGames _vFiction. |
|
| 650 | 1 |
_aFrankfurters _vFiction. |
|
| 650 | 1 |
_aExtraterrestrial beings _vFiction. |
|
| 650 | 1 |
_aSchools _vFiction. |
|
| 650 | 1 | _aHumorous stories. | |
| 700 | 1 |
_aWhamond, Dave, _eill. |
|
| 942 |
_2ddc _cNFIC |
||